Central Library OPAC University of Rajshahi

Study guide and workbook to accompany Samuelson/Scott : (Record no. 42563)

MARC details
000 -LEADER
fixed length control field 00909nam a2200289 a 4500
001 - CONTROL NUMBER
control field 42563
003 - CONTROL NUMBER IDENTIFIER
rucl marc code BD-RjUL
005 - DATE AND TIME OF LATEST TRANSACTION
control field 20211209053547.0
008 - FIXED-LENGTH DATA ELEMENTS--GENERAL INFORMATION
fixed length control field 160614s1968 nyua 000 0 eng d
035 ## - SYSTEM CONTROL NUMBER
System control number MITb10309749
System control number (BD-RjUL)42681
System control number GLIS00309749
040 ## - CATALOGING SOURCE
Original cataloging agency YNG
Transcribing agency YNG
Modifying agency m.c.
-- OCL
-- MYG
Language of cataloging eng
041 ## - LANGUAGE CODE
Language code of text/sound track or separate title eng
082 ## - DEWEY DECIMAL CLASSIFICATION NUMBER
Classification number 330
Author mark and year ROS 1968
099 ## - LOCAL FREE-TEXT CALL NUMBER (OCLC)
Bangla Class number HB171.5.S193 1964 guide
Bangla Class number HB171.5
-- .S193
-- 1964
-- guide
100 1# - MAIN ENTRY--PERSONAL NAME
Personal name Robinson, Romney,
Dates associated with a name 1913-
9 (RLIN) 130866
245 10 - TITLE STATEMENT
Title Study guide and workbook to accompany Samuelson/Scott :
Remainder of title Economics /
Statement of responsibility, etc. Romney Robinson, Gordon R. Munro
250 ## - EDITION STATEMENT
Edition statement 2nd Canadian ed.
260 ## - PUBLICATION, DISTRIBUTION, ETC. (IMPRINT)
Place of publication, distribution, etc. New York :
Name of publisher, distributor, etc. Mcgraw-Hill,
Date of publication, distribution, etc. c1968
300 ## - PHYSICAL DESCRIPTION
Pagination 312 p. :
Illustrations ill. ;
Size 28 cm.
650 #0 - SUBJECT ADDED ENTRY--TOPICAL TERM
Topical term or geographic name as entry element Economics
General subdivision Study and teaching.
9 (RLIN) 130867
700 1# - ADDED ENTRY--PERSONAL NAME
Personal name Munro, Gordon R.
942 ## - ADDED ENTRY ELEMENTS (KOHA)
Source of classification or shelving scheme Dewey Decimal Classification
Koha item type Books
949 ## - LOCAL PROCESSING INFORMATION (OCLC)
a MYGD
b 39080004725583
-- 39080004725575
Holdings
Lost status Source of classification or shelving scheme Damaged status Not for loan Collection code Permanent Location Current Location Shelving location Date acquired Source of acquisition Total Checkouts Full call number Date last seen Copy number Koha item type
  Dewey Decimal Classification     Non-fiction Central Library, University of Rajshahi Central Library, University of Rajshahi   13/03/1974 Canada Govt.   330 ROS 1968 14/06/2016 C-2 Books